| 000 | 00479nam a2200169Ia 4500 | ||
|---|---|---|---|
| 008 | 230718s9999 xx 000 0 und d | ||
| 020 | _a9788121924986 | ||
| 041 | _aeng | ||
| 082 |
_a372.4 _bAGG |
||
| 100 | _aAggarwal R.S. | ||
| 245 |
_aQuantitative Aptitude _bFor Competitive Examination (Fully Solved) |
||
| 260 |
_c2014 _bS. Chand |
||
| 300 | _a726 | ||
| 365 |
_cRs. _b635.00 |
||
| 700 | _aAggarwal R.S. | ||
| 906 |
_dO:0368710-Jan-2017B:SE/SI/363131-Dec-2016 _cGENRL _b3556 |
||
| 999 |
_c343945 _d343945 |
||